North Eastern council (Record no. 481490)

000 -LEADER
fixed length control field 00447cam a22001457a 4500
008 - FIXED-LENGTH DATA ELEMENTS--GENERAL INFORMATION
fixed length control field 180718b1996 xxu||||| |||| 00| 0 eng d
082 ## - DEWEY DECIMAL CLASSIFICATION NUMBER
Classification number APPPA 95-96/RAJ
100 ## - MAIN ENTRY--PERSONAL NAME
Personal name Rajkumar, Falguni
245 ## - TITLE STATEMENT
Title North Eastern council
Statement of responsibility, etc. by Falguni Rajkumar
260 ## - PUBLICATION, DISTRIBUTION, ETC.
Place of publication, distribution, etc. New Delhi
Name of publisher, distributor, etc. Indian Institute of Public Administration
Date of publication, distribution, etc. 1996
300 ## - PHYSICAL DESCRIPTION
Extent 141p.
650 ## - SUBJECT ADDED ENTRY--TOPICAL TERM
Topical term or geographic name entry element APPPA
650 ## - SUBJECT ADDED ENTRY--TOPICAL TERM
Topical term or geographic name entry element Economic development - India
650 ## - SUBJECT ADDED ENTRY--TOPICAL TERM
Topical term or geographic name entry element Economics - Sociological aspects
Holdings
Withdrawn status Lost status Damaged status Not for loan Permanent Location Current Location Date acquired Full call number Barcode Date last seen Price effective from Koha item type
        Indian Institute of Public Administration Indian Institute of Public Administration 2018-08-04 APPPA 95-96/RAJ GR14186 2018-08-04 2018-08-04 GR

Powered by Koha